Essential Study Skills : (Record no. 11570)
[ view plain ]
| 000 -LEADER | |
|---|---|
| fixed length control field | 01476cam a22003374a 4500 |
| 001 - CONTROL NUMBER | |
| control field | 12768580 |
| 005 - DATE AND TIME OF LATEST TRANSACTION | |
| control field | 20060815202639.0 |
| 008 - FIXED-LENGTH DATA ELEMENTS--GENERAL INFORMATION | |
| fixed length control field | 020508s2003 enka bf 001 0 eng |
| 010 ## - LIBRARY OF CONGRESS CONTROL NUMBER | |
| LC control number | 2002106569 |
| 020 ## - INTERNATIONAL STANDARD BOOK NUMBER | |
| International Standard Book Number | 0761949585 |
| 020 ## - INTERNATIONAL STANDARD BOOK NUMBER | |
| International Standard Book Number | 9780761949589 |
| 035 ## - SYSTEM CONTROL NUMBER | |
| System control number | (DLC) 2002106569 |
| 040 ## - CATALOGING SOURCE | |
| Original cataloging agency | DLC |
| Transcribing agency | DLC |
| Modifying agency | DLC |
| 042 ## - AUTHENTICATION CODE | |
| Authentication code | pcc |
| 050 00 - LIBRARY OF CONGRESS CALL NUMBER | |
| Classification number | LB2395 |
| Item number | .B84 2003 |
| 082 ## - DEWEY DECIMAL CLASSIFICATION NUMBER | |
| Edition number | 20 |
| Classification number | 373.30281 |
| Item number | BUR |
| 100 1# - MAIN ENTRY--PERSONAL NAME | |
| Personal name | Burns, Tom, |
| Dates associated with a name | 1959- |
| 9 (RLIN) | 4922 |
| 245 10 - TITLE STATEMENT | |
| Title | Essential Study Skills : |
| Remainder of title | The Complete Guide to Success at University / |
| Statement of responsibility, etc | Tom Burns and Sandra Sinfield. |
| 260 ## - PUBLICATION, DISTRIBUTION, ETC. (IMPRINT) | |
| Place of publication, distribution, etc | London ; |
| -- | Thousand Oaks, Calif. : |
| Name of publisher, distributor, etc | SAGE Publications, 2003 |
| Date of publication, distribution, etc | 2003. |
| 300 ## - PHYSICAL DESCRIPTION | |
| Extent | vi, 248 p. : |
| Other physical details | ill. ; |
| Dimensions | 25 cm. |
| 440 #0 - | |
| -- | Sage study skills |
| -- | 4923 |
| 504 ## - BIBLIOGRAPHY, ETC. NOTE | |
| Bibliography, etc | Includes bibliographical references and index. |
| 650 #0 - SUBJECT ADDED ENTRY--TOPICAL TERM | |
| Topical term or geographic name as entry element | Study skills |
| Form subdivision | Handbooks, manuals, etc. |
| 9 (RLIN) | 4924 |
| 650 #0 - SUBJECT ADDED ENTRY--TOPICAL TERM | |
| Topical term or geographic name as entry element | College student orientation |
| Form subdivision | Handbooks, manuals, etc. |
| 9 (RLIN) | 4925 |
| 700 1# - ADDED ENTRY--PERSONAL NAME | |
| Personal name | Sinfield, Sandra. |
| 9 (RLIN) | 4926 |
| 856 42 - ELECTRONIC LOCATION AND ACCESS | |
| Materials specified | Publisher description |
| Uniform Resource Identifier | <a href="http://www.loc.gov/catdir/enhancements/fy0657/2002106569-d.html">http://www.loc.gov/catdir/enhancements/fy0657/2002106569-d.html</a> |
| 856 41 - ELECTRONIC LOCATION AND ACCESS | |
| Materials specified | Table of contents only |
| Uniform Resource Identifier | <a href="http://www.loc.gov/catdir/enhancements/fy0657/2002106569-t.html">http://www.loc.gov/catdir/enhancements/fy0657/2002106569-t.html</a> |
| 942 ## - ADDED ENTRY ELEMENTS (KOHA) | |
| Source of classification or shelving scheme | Dewey Decimal Classification |
| Item type | Book - Borrowing |
| Withdrawn status | Item status | Source of classification or shelving scheme | Damaged status | Not for loan | Vendor | Home library | Current library | Shelving location | Date acquired | Source of acquisition | Cost, normal purchase price | Serial Enumeration / chronology | Total Checkouts | Full call number | Barcode | Date last seen | Date last borrowed | Koha item type |
|---|---|---|---|---|---|---|---|---|---|---|---|---|---|---|---|---|---|---|
| Dewey Decimal Classification | Alahram | Central Library | Central Library | First floor | 21/05/2009 | 108.00 | 355 | 4 | 373.30281 BUR | 000016185 | 15/07/2025 | 19/11/2016 | Book - Borrowing |